Approximation algorithms (Record no. 1097)

000 -LEADER
fixed length control field 00526nam a22002054a 4500
001 - CONTROL NUMBER
control field 1097
003 - CONTROL NUMBER IDENTIFIER
control field BD-DhUET
008 - FIXED-LENGTH DATA ELEMENTS--GENERAL INFORMATION
fixed length control field 010605s2001 gw a b 001 0 eng
020 ## - INTERNATIONAL STANDARD BOOK NUMBER
International Standard Book Number 3540653678
040 ## - CATALOGING SOURCE
Original cataloging agency DLC
Transcribing agency DLC
Modifying agency BD-DhUET
082 00 - DEWEY DECIMAL CLASSIFICATION NUMBER
Classification number 005.1
Item number VAZ/2003
100 1# - MAIN ENTRY--PERSONAL NAME
Personal name Vazirani, Vijay V.
245 10 - TITLE STATEMENT
Title Approximation algorithms
250 ## - EDITION STATEMENT
Edition statement 1st ed.
260 ## - PUBLICATION, DISTRIBUTION, ETC. (IMPRINT)
Place of publication, distribution, etc. Berlin
Name of publisher, distributor, etc. Springer-Verlag
Date of publication, distribution, etc. 2003
300 ## - PHYSICAL DESCRIPTION
Extent xix, 380 p.
Other physical details ill.
Dimensions 25 cm.
504 ## - BIBLIOGRAPHY, ETC. NOTE
Bibliography, etc Includes bibliographies
650 #0 - SUBJECT ADDED ENTRY--TOPICAL TERM
Topical term or geographic name as entry element Computer algorithms
942 ## - ADDED ENTRY ELEMENTS (KOHA)
Koha item type General Book
Holdings
Koha item type Koha issues (times borrowed) Source of classification or shelving scheme Sublocation or collection (holding branch) Copy number Price effective from Shelving location Withdrawn status Lost status Koha date last seen Koha full call number Piece designation (barcode) Damaged status Koha normalized classification for sorting Location (home branch) Not for loan Koha date last borrowed Date acquired
General Book  Central Library, BUET12014-08-30Circulation section  2014-08-30005.1/VAZ/2003106766 005_000000000000000_1VAZ2003Central Library, BUET  2014-08-30
General Book1 Central Library, BUET22014-08-30Circulation section  2015-10-12005.1/VAZ/2003108057 005_000000000000000_1VAZ2003Central Library, BUET 2014-11-052014-08-30
General Book1 Central Library, BUET32014-10-13Circulation section  2022-12-17005.1/VAZ/2003106767 005_000000000000000_1VAZ2003Central Library, BUET 2022-12-032014-10-13
General Book1 Central Library, BUET42016-05-29Circulation section  2023-05-06005.1/VAZ/2003108056 005_100000000000000_VAZ_2003Central Library, BUET 2023-03-062016-05-29